University Home | Library Home | Institutional Repository

Producer Price Index Manual: (Record no. 116634)

MARC details
000 -LEADER
fixed length control field 00512cas a2200145 4500
008 - FIXED-LENGTH DATA ELEMENTS--GENERAL INFORMATION
fixed length control field 110309n eng u
020 ## - INTERNATIONAL STANDARD BOOK NUMBER
International Standard Book Number 9781589063044
035 ## - SYSTEM CONTROL NUMBER
System control number (Sirsi) a172727
050 ## - LIBRARY OF CONGRESS CALL NUMBER
Classification number WB HB 235.P76:
Item number PRO 2004
110 ## - MAIN ENTRY--CORPORATE NAME
Corporate name or jurisdiction name as entry element International Monetary fund
245 ## - TITLE STATEMENT
Title Producer Price Index Manual:
Remainder of title Theory and Practice/
Statement of responsibility, etc. International Monetary fund
260 ## - PUBLICATION, DISTRIBUTION, ETC.
Place of publication, distribution, etc. Washington DC:
Name of publisher, distributor, etc. International Monetary fund,
Date of publication, distribution, etc. 2004
300 ## - PHYSICAL DESCRIPTION
Extent xxx,656p.:
Other physical details ill.
650 ## - SUBJECT ADDED ENTRY--TOPICAL TERM
Topical term or geographic name entry element Wholesale price index---Handbooks,Mannuals
Holdings
Withdrawn status Lost status Source of classification or shelving scheme Damaged status Not for loan Home library Current library Shelving location Cost, normal purchase price Total Checkouts Full call number Barcode Date last seen Copy number Price effective from Koha item type
    Library of Congress Classification     Main Library Main Library Special collections 0.00   WB HB 235.P76 PRO 2004 33729002112477 08/21/2019 1 08/21/2019 Book
© 2026 - The University of Zambia Library - Koha v25.11